000 00517nam a2200193Ia 4500
005 20260120131450.0
008 008 260114s9999 xx 000 0 eng d
020 _a9780190912697
037 _aEBOOK
040 _aCRL
_beng
_cCRL
041 _aeng
_2eng
084 _qCRL
100 _aWilson
_9927328
245 0 _aOpera in the Jazz Age
260 _bOxford University PressOxford University Press
_c2019
856 _uhttps://academic.oup.com/book/7101
942 _cEBOOK
999 _c1519244
_d1519244